000 01125nam a2200277Ia 4500
003 OSt
005 20221005104244.0
006 a|||||r|||| 00| 0
007 ta
008 221004b |||||||| |||| 00| 0 hin d
020 _a9788123018379 (pbk)
_cINR 160.00
024 _a42181
037 _b321, 11/03/2019, Eastern Book Linkers
_cTextual
040 _aCRL
_cCRL
_bhin
041 _2hin
_ahin
082 _aO152,3N10x, Q3
100 _aसे. रा. यात्री, ले.
_9556395
245 0 _aउपेन्द्रनाथ अश्क
_b जीवन और सृजन
246 _aUpendranāth ashka: jīvan aur sṛujana
260 _aदिल्ली
_bप्रकाशन विभाग सूचना और प्रसारण मंत्रालय भारत
_c2013
300 _a279पृ0
_ccm.
650 _a हिन्दी साहित्य
650 _aहिन्दी कहानी
942 _hO152,3N10x, Q3
_cTEXL
_2cc
999 _c1012165
_d1012165